| 000 | 00348nam a2200145Ia 4500 | ||
|---|---|---|---|
| 008 | 150201s2006 xx 000 0 und d | ||
| 082 |
_a610.73,698 _bN06D |
||
| 100 | _aDON, KAREN HOSSEY | ||
| 245 | _aNURSING CARE OF WOMEN WITH CANCER | ||
| 250 | _a1ST | ||
| 260 |
_bELSEVIER _aINDIA _c2006 |
||
| 300 | _a582 | ||
| 650 | _aCENCER | ||
| 942 |
_2ddc _cBK |
||
| 999 |
_c2339 _d2339 |
||